Word Ladder: Persian Gulf Capital and Country Quiz Stats

 Plays Quiz Updated Jul 9, 2019

Score 0/18 Timer 02:30
3 Plays Today
Clue 3-Letter Answer % Correct
• Short name for a father •• DAD •
99.6%
• Used to carry groceries •• BAG •
98.4%
Color of bloodRED
97.9%
Major industry of many Persian Gulf countriesOIL
97.1%
Michael Jackson album and song from 1987BAD
97%
Poorly litDIM
97%
Point a gun at a targetAIM
96.6%
Hoover or Three Gorges, for exampleDAM
96.1%
One of these gives a hootOWL
95.4%
Clue 3-Letter Answer % Correct
Afflicted by sickness/diseaseAIL
94.1%
Under obligation to repay a loanOWE
93.7%
Homer Simpsons' neighborinoNED
92.6%
Female sheepEWE
92.2%
The 'Science Guy'NYE
91.5%
Can be used to fishROD
90.6%
Used to denote a maiden nameNÉE
90.5%
• Bud of a potato •• EYE •
89%
• A mythical bird of enormous size •• ROC •
58.1%

Today's Daily Dose

You're not logged in!

Compare scores with friends on all Sporcle quizzes.
OR
Log In

Sporcle TV

Today on Sporcle TV


Watch our educational content, quiz creation guides, and fun videos on Sporcle TV.

Show Comments

Extras

Top Quizzes Today


Score Distribution

Your Account Isn't Verified!

In order to create a playlist on Sporcle, you need to verify the email address you used during registration. Go to your Sporcle Settings to finish the process.

Report this User

Report this user for behavior that violates our Community Guidelines.

Details: